[Event "12. Obert Int. Sant Marti 2010"]
[Site "Barcelona ESP"]
[Date "2010.07.19"]
[Round "7.7"]
[White "Gomez Jurado, Luis Alberto"]
[Black "Mihailovs, Jurijs"]
[Result "1/2-1/2"]
[WhiteElo "2287"]
[BlackElo "2405"]
[PlyCount "61"]
[EventDate "2010.07.13"]
[EventType "swiss"]
[EventRounds "9"]
[EventCountry "ESP"]
[SourceTitle "Ajedrez en Madrid"]
[Source "lmi"]
[SourceDate "2010.07.13"]
[SourceVersion "1"]
[SourceVersionDate "2019.06.18"]
[SourceQuality "1"]

1. d4 Nf6 2. c4 c5 3. d5 b5 4. cxb5 a6 5. bxa6 g6 6. Nc3 Bxa6 7. g3 d6 8. Bg2
Nbd7 9. Rb1 Qc7 10. Nf3 Nb6 11. b3 Bb7 12. Nh4 Bg7 13. O-O O-O 14. Bb2 Qd7 15.
Qd2 Rfc8 16. Rfe1 Ne8 17. e4 Nc7 18. a4 Rcb8 19. Nd1 Ne8 20. Bxg7 Kxg7 21. a5
Nc8 22. Ne3 Ba6 23. Nef5+ gxf5 24. Nxf5+ Kh8 25. Qh6 Kg8 26. Bh3 e6 27. Qg5+
Kh8 28. Nh6 Ng7 29. Qf6 Qe7 30. Nxf7+ Kg8 31. Nh6+ 1/2-1/2

[Event "12. Obert Int. Sant Marti 2010"]
[Site "Barcelona ESP"]
[Date "2010.07.19"]
[Round "7.8"]
[White "Gonzalez Perez, Arian"]
[Black "Rios, Alejandro"]
[Result "1/2-1/2"]
[WhiteElo "2403"]
[BlackElo "2308"]
[PlyCount "96"]
[EventDate "2010.07.13"]
[EventType "swiss"]
[EventRounds "9"]
[EventCountry "ESP"]
[SourceTitle "Ajedrez en Madrid"]
[Source "lmi"]
[SourceDate "2010.07.13"]
[SourceVersion "1"]
[SourceVersionDate "2019.06.18"]
[SourceQuality "1"]

1. d4 Nf6 2. c4 e6 3. Nc3 Bb4 4. e3 O-O 5. Bd3 d5 6. a3 Be7 7. Nf3 c5 8. O-O
Nc6 9. dxc5 Bxc5 10. b4 dxc4 11. Bxc4 Qxd1 12. Rxd1 Bb6 13. Bb2 Rd8 14. Rxd8+
Bxd8 15. Rd1 Be7 16. Ng5 Bd7 17. Nge4 Nxe4 18. Rxd7 Nd6 19. Bb5 Nxb5 20. Nxb5
a6 21. Nd4 Rd8 22. Rxd8+ Nxd8 23. Kf1 Bf6 24. Bc3 Bxd4 25. Bxd4 b5 26. Ke2 Nc6
27. Kd3 f5 28. f3 e5 29. Bc5 Kf7 30. g3 Ke6 31. e4 g6 32. Be3 h5 33. exf5+ gxf5
34. h3 Kd5 35. g4 fxg4 36. fxg4 hxg4 37. hxg4 e4+ 38. Kc3 Ne5 39. g5 Nf3 40. g6
Ke6 41. Bd4 Nh4 42. g7 Kf7 43. Kd2 Nf5 44. Be5 Kg8 45. Ke2 Kf7 46. Kd2 Kg8 47.
Kc3 Kf7 48. Kd2 Kg8 1/2-1/2

[Event "12. Obert Int. Sant Marti 2010"]
[Site "Barcelona ESP"]
[Date "2010.07.19"]
[Round "7.11"]
[White "Lasinskas, Povilas"]
[Black "Capellades Subirana, Marc"]
[Result "1/2-1/2"]
[WhiteElo "2180"]
[BlackElo "2268"]
[PlyCount "142"]
[EventDate "2010.07.13"]
[EventType "swiss"]
[EventRounds "9"]
[EventCountry "ESP"]
[SourceTitle "Ajedrez en Madrid"]
[Source "lmi"]
[SourceDate "2010.07.13"]
[SourceVersion "1"]
[SourceVersionDate "2019.06.18"]
[SourceQuality "1"]

1. d4 Nf6 2. c4 e6 3. Nc3 Bb4 4. Qc2 d5 5. cxd5 exd5 6. Bg5 Qd6 7. e3 Ne4 8.
Bf4 Qg6 9. Rc1 O-O 10. Nf3 Nc6 11. a3 Nxc3 12. axb4 Na2 13. Qxg6 fxg6 14. Rc5
Naxb4 15. Bxc7 Bf5 16. Rb5 Rf7 17. Bd6 a5 18. Be2 Nd3+ 19. Bxd3 Bxd3 20. Rc5
Bc4 21. Ne5 Nxe5 22. dxe5 Rd7 23. Kd2 Kf7 24. Kc3 Ke6 25. Kd4 Rxd6 26. exd6
Kxd6 27. Rc1 b6 28. R1xc4 dxc4 29. Rxc4 a4 30. e4 a3 31. bxa3 Rxa3 32. Rb4 Kc6
33. Rc4+ Kd7 34. Rb4 Ra2 35. Rxb6 Kc7 36. Rb3 Rxf2 37. Rg3 Kd6 38. Ke3 Ra2 39.
Rg5 Ke6 40. h4 Kf6 41. Kf3 Ra3+ 42. Kf4 Ra2 43. g3 Rf2+ 44. Ke3 Ra2 45. Rb5 Ra1
46. Rb8 Re1+ 47. Kf3 Rf1+ 48. Ke2 Ra1 49. Rf8+ Ke7 50. Rf3 Ke6 51. Rb3 Ke5 52.
Rb4 Ra3 53. Kf2 h6 54. Rc4 g5 55. hxg5 hxg5 56. Rc5+ Kxe4 57. Rxg5 Ra2+ 58. Kg1
Ra7 59. Kg2 Rf7 60. Kh3 Kf3 61. Ra5 Rf6 62. Ra3+ Ke4 63. Kg4 Rg6+ 64. Kh5 Rb6
65. Ra5 Rc6 66. Kg5 Rd6 67. g4 Rd5+ 68. Rxd5 Kxd5 69. Kg6 Ke5 70. g5 Kf4 71.
Kxg7 Kxg5 1/2-1/2

[Event "12. Obert Int. Sant Marti 2010"]
[Site "Barcelona ESP"]
[Date "2010.07.19"]
[Round "7.12"]
[White "Avila Jimenez, Javier"]
[Black "Collado Pallas, David"]
[Result "1/2-1/2"]
[WhiteElo "2240"]
[BlackElo "2124"]
[PlyCount "42"]
[EventDate "2010.07.13"]
[EventType "swiss"]
[EventRounds "9"]
[EventCountry "ESP"]
[SourceTitle "Ajedrez en Madrid"]
[Source "lmi"]
[SourceDate "2010.07.13"]
[SourceVersion "1"]
[SourceVersionDate "2019.06.18"]
[SourceQuality "1"]

1. d4 d5 2. c4 e6 3. Nc3 f5 4. e3 Nf6 5. Bd3 c6 6. Qc2 g6 7. Nge2 Bg7 8. f3 O-O
9. Bd2 a5 10. c5 e5 11. Qb3 e4 12. Bc2 Kh8 13. Na4 Nbd7 14. O-O-O Ra6 15. Rdf1
Re8 16. f4 b6 17. cxb6 Nxb6 18. Nc5 Ra8 19. Nc3 Nc4 20. N3a4 Ba6 21. Nxa6 Rxa6
1/2-1/2

[Event "12. Obert Int. Sant Marti 2010"]
[Site "Barcelona ESP"]
[Date "2010.07.20"]
[Round "8.2"]
[White "Abreu Delgado, Aryam"]
[Black "Perez Mitjans, Orelvis"]
[Result "1/2-1/2"]
[WhiteElo "2474"]
[BlackElo "2424"]
[PlyCount "31"]
[EventDate "2010.07.13"]
[EventType "swiss"]
[EventRounds "9"]
[EventCountry "ESP"]
[SourceTitle "Ajedrez en Madrid"]
[Source "lmi"]
[SourceDate "2010.07.13"]
[SourceVersion "1"]
[SourceVersionDate "2019.06.18"]
[SourceQuality "1"]

1. e4 e6 2. d4 d5 3. Nc3 Bb4 4. e5 c5 5. a3 Bxc3+ 6. bxc3 Qc7 7. Qg4 f6 8. Qg3
c4 9. Bf4 Qf7 10. Be2 Nc6 11. Bh5 g6 12. Be2 f5 13. h4 h6 14. Nh3 Bd7 15. Kd2
Nge7 16. Qe3 1/2-1/2

[Event "12. Obert Int. Sant Marti 2010"]
[Site "Barcelona ESP"]
[Date "2010.07.20"]
[Round "8.3"]
[White "Matnadze, Ana"]
[Black "Gongora Reyes, Maikel"]
[Result "1/2-1/2"]
[WhiteElo "2422"]
[BlackElo "2451"]
[PlyCount "54"]
[EventDate "2010.07.13"]
[EventType "swiss"]
[EventRounds "9"]
[EventCountry "ESP"]
[SourceTitle "Ajedrez en Madrid"]
[Source "lmi"]
[SourceDate "2010.07.13"]
[SourceVersion "1"]
[SourceVersionDate "2019.06.18"]
[SourceQuality "1"]

1. d4 d5 2. g3 Nf6 3. Bg2 c6 4. Nf3 Bf5 5. O-O e6 6. c4 Nbd7 7. Nc3 dxc4 8. Nh4
Bg4 9. h3 Bh5 10. g4 Nd5 11. Nf5 exf5 12. gxh5 N7f6 13. Bg5 Be7 14. Bxf6 Nxf6
15. d5 cxd5 16. Qa4+ Qd7 17. Qxd7+ Kxd7 18. Nxd5 Nxd5 19. Bxd5 Bf6 20. Bxc4 Ke7
21. Rad1 Rhd8 22. b3 g6 23. Rd5 Rac8 24. Rfd1 Rxd5 25. Rxd5 b6 26. Kg2 Rc5 27.
Rxc5 bxc5 1/2-1/2

[Event "12. Obert Int. Sant Marti 2010"]
[Site "Barcelona ESP"]
[Date "2010.07.20"]
[Round "8.4"]
[White "Martinez Duany, Lelys Stanley"]
[Black "Gomez Jurado, Luis Alberto"]
[Result "1/2-1/2"]
[WhiteElo "2510"]
[BlackElo "2287"]
[PlyCount "34"]
[EventDate "2010.07.13"]
[EventType "swiss"]
[EventRounds "9"]
[EventCountry "ESP"]
[SourceTitle "Ajedrez en Madrid"]
[Source "lmi"]
[SourceDate "2010.07.13"]
[SourceVersion "1"]
[SourceVersionDate "2019.06.18"]
[SourceQuality "1"]

1. Nf3 Nf6 2. g3 g6 3. Bg2 Bg7 4. O-O O-O 5. d3 d5 6. Nbd2 c5 7. e4 dxe4 8.
dxe4 Nc6 9. c3 e5 10. Qe2 b6 11. Ne1 a5 12. a4 Ba6 13. Nc4 Nd4 14. cxd4 Qxd4
15. b3 Qxa1 16. Qc2 Bxc4 17. bxc4 Qd4 1/2-1/2

[Event "12. Obert Int. Sant Marti 2010"]
[Site "Barcelona ESP"]
[Date "2010.07.20"]
[Round "8.5"]
[White "Rojas Keim, Luis"]
[Black "Beltran Rueda, Santiago"]
[Result "1-0"]
[WhiteElo "2437"]
[BlackElo "2369"]
[PlyCount "91"]
[EventDate "2010.07.13"]
[EventType "swiss"]
[EventRounds "9"]
[EventCountry "ESP"]
[SourceTitle "Ajedrez en Madrid"]
[Source "lmi"]
[SourceDate "2010.07.13"]
[SourceVersion "1"]
[SourceVersionDate "2019.06.18"]
[SourceQuality "1"]

1. d4 d5 2. c4 dxc4 3. Nf3 Nf6 4. e3 Bg4 5. Bxc4 e6 6. h3 Bh5 7. O-O a6 8. Nbd2
Nc6 9. Be2 Bd6 10. b3 O-O 11. Bb2 Qe7 12. Ne5 Bxe2 13. Qxe2 Bxe5 14. dxe5 Nd5
15. Rac1 Rfd8 16. Ne4 Ndb4 17. Ba3 Nxe5 18. Nc5 Nd5 19. Qb2 Qf6 20. Nxb7 Nd3
21. Qxf6 gxf6 22. Nxd8 Nxc1 23. Rxc1 Rxd8 24. Rc6 a5 25. Ra6 Nb6 26. Rxa5 Rd1+
27. Kh2 Rd2 28. Bc5 Rxf2 29. a4 Nd7 30. Be7 Kg7 31. Ra7 Rc2 32. Bd8 Ne5 33.
Bxc7 Nf3+ 34. Kg3 Ne1 35. h4 h5 36. Ba5 Nxg2 37. Bb6 Ne1 38. a5 Rg2+ 39. Kh3
Rg4 40. a6 Nf3 41. e4 Nxh4 42. Rc7 Ng6 43. a7 Nf4+ 44. Kh2 Rg2+ 45. Kh1 Ra2 46.
Rc8 1-0

[Event "12. Obert Int. Sant Marti 2010"]
[Site "Barcelona ESP"]
[Date "2010.07.20"]
[Round "8.6"]
[White "Gonzalez Rodriguez, Jorge A"]
[Black "Gonzalez Valenzuela, Didac"]
[Result "1-0"]
[WhiteElo "2409"]
[BlackElo "2156"]
[PlyCount "55"]
[EventDate "2010.07.13"]
[EventType "swiss"]
[EventRounds "9"]
[EventCountry "ESP"]
[SourceTitle "Ajedrez en Madrid"]
[Source "lmi"]
[SourceDate "2010.07.13"]
[SourceVersion "1"]
[SourceVersionDate "2019.06.18"]
[SourceQuality "1"]

1. b3 d5 2. e3 c5 3. Bb2 Nf6 4. Nf3 Nc6 5. Bb5 Bd7 6. O-O e6 7. Bxc6 Bxc6 8.
Ne5 Rc8 9. d3 Be7 10. Nd2 O-O 11. f4 d4 12. e4 Nd7 13. Nxc6 Rxc6 14. a4 e5 15.
f5 Bg5 16. Nf3 Be3+ 17. Kh1 Rh6 18. Bc1 Bxc1 19. Qxc1 Qe8 20. g4 Rc6 21. Qd2 b6
22. g5 f6 23. Rg1 Qh5 24. Rg3 Kh8 25. Qg2 fxg5 26. Nxg5 Nf6 27. Rg1 Rg8 28. Nf3
1-0

[Event "12. Obert Int. Sant Marti 2010"]
[Site "Barcelona ESP"]
[Date "2010.07.20"]
[Round "8.7"]
[White "Oms Fuentes, Lluis"]
[Black "Lorenzo De La Riva, Lazaro"]
[Result "1/2-1/2"]
[WhiteElo "2360"]
[BlackElo "2407"]
[PlyCount "77"]
[EventDate "2010.07.13"]
[EventType "swiss"]
[EventRounds "9"]
[EventCountry "ESP"]
[SourceTitle "Ajedrez en Madrid"]
[Source "lmi"]
[SourceDate "2010.07.13"]
[SourceVersion "1"]
[SourceVersionDate "2019.06.18"]
[SourceQuality "1"]

1. e4 c5 2. c3 g6 3. d4 cxd4 4. cxd4 d5 5. exd5 Nf6 6. Bb5+ Nbd7 7. Nc3 a6 8.
Be2 Nb6 9. Bf3 Nfxd5 10. Nxd5 Nxd5 11. Qb3 e6 12. Ne2 Bg7 13. O-O O-O 14. Nc3
a5 15. Nxd5 exd5 16. Bxd5 a4 17. Qf3 Ra5 18. Be4 Qxd4 19. Rd1 Qf6 20. Bf4 Qxb2
21. a3 Bf5 22. Rab1 Qc3 23. Qxc3 Bxc3 24. Bxf5 Rxf5 25. Be3 b5 26. g4 Re5 27.
Rd3 Ba5 28. Rd7 Ra8 29. Rb7 b4 30. axb4 Bd8 31. b5 a3 32. b6 a2 33. Ra1 Rea5
34. Bd4 Ra4 35. Ra7 R8xa7 36. bxa7 f5 37. gxf5 gxf5 38. Rc1 Kf7 39. Rc8 1/2-1/2

[Event "12. Obert Int. Sant Marti 2010"]
[Site "Barcelona ESP"]
[Date "2010.07.21"]
[Round "9.1"]
[White "Perez Mitjans, Orelvis"]
[Black "Moskalenko, Viktor"]
[Result "0-1"]
[WhiteElo "2424"]
[BlackElo "2565"]
[PlyCount "89"]
[EventDate "2010.07.13"]
[EventType "swiss"]
[EventRounds "9"]
[EventCountry "ESP"]
[SourceTitle "Ajedrez en Madrid"]
[Source "lmi"]
[SourceDate "2010.07.13"]
[SourceVersion "1"]
[SourceVersionDate "2019.06.18"]
[SourceQuality "1"]

1. e4 e6 2. d4 d5 3. Nd2 Nf6 4. e5 Nfd7 5. Bd3 c5 6. c3 Nc6 7. Ne2 cxd4 8. cxd4
f6 9. exf6 Nxf6 10. O-O Bd6 11. Nf3 O-O 12. Bf4 Nh5 13. Bxd6 Qxd6 14. Qd2 a6
15. Qg5 Nf4 16. Nxf4 Qxf4 17. Qh5 g6 18. Bxg6 hxg6 19. Qxg6+ Kh8 20. Rae1 Rf6
21. Qe8+ Kg7 22. Ne5 Rh6 23. g3 Qf8 24. Qxf8+ Kxf8 25. Nxc6 bxc6 26. Rc1 Bd7
27. f4 Ke7 28. Rf2 Rb8 29. Kg2 Rb7 30. Rd2 Rh8 31. Kf3 Rhb8 32. Rcc2 Be8 33. h4
a5 34. g4 Bg6 35. Rxc6 Be4+ 36. Kg3 Rxb2 37. Rxb2 Rxb2 38. h5 Rxa2 39. h6 Ra1
40. Kh4 Kf6 41. Rc7 Bg6 42. Rc5 a4 43. g5+ Kf5 44. Rc8 Ke4 45. Rg8 0-1

[Event "12. Obert Int. Sant Marti 2010"]
[Site "Barcelona ESP"]
[Date "2010.07.21"]
[Round "9.2"]
[White "Gonzalez Garcia, Jose"]
[Black "Gonzalez Rodriguez, Jorge A"]
[Result "1-0"]
[WhiteElo "2508"]
[BlackElo "2409"]
[PlyCount "49"]
[EventDate "2010.07.13"]
[EventType "swiss"]
[EventRounds "9"]
[EventCountry "ESP"]
[SourceTitle "Ajedrez en Madrid"]
[Source "lmi"]
[SourceDate "2010.07.13"]
[SourceVersion "1"]
[SourceVersionDate "2019.06.18"]
[SourceQuality "1"]

1. e4 e6 2. d4 d5 3. Nc3 Bb4 4. e5 b6 5. a3 Bf8 6. Nf3 c5 7. Ne2 Ba6 8. c3 Qd7
9. b4 Bb5 10. a4 Bc4 11. bxc5 bxc5 12. Ba3 Qc7 13. Nf4 Bxf1 14. Kxf1 c4 15.
Bxf8 Kxf8 16. Ng5 Ke8 17. Nh5 Qe7 18. Nxg7+ Kf8 19. Qg4 h6 20. N5xe6+ fxe6 21.
Nxe6+ Ke8 22. Qg6+ Kd7 23. Rb1 Kc8 24. Nc5 Nd7 25. Qc6+ 1-0

[Event "12. Obert Int. Sant Marti 2010"]
[Site "Barcelona ESP"]
[Date "2010.07.21"]
[Round "9.4"]
[White "Rojas Keim, Luis"]
[Black "Rios, Alejandro"]
[Result "1-0"]
[WhiteElo "2437"]
[BlackElo "2308"]
[PlyCount "69"]
[EventDate "2010.07.13"]
[EventType "swiss"]
[EventRounds "9"]
[EventCountry "ESP"]
[SourceTitle "Ajedrez en Madrid"]
[Source "lmi"]
[SourceDate "2010.07.13"]
[SourceVersion "1"]
[SourceVersionDate "2019.06.18"]
[SourceQuality "1"]

1. d4 d5 2. c4 e6 3. Nf3 c6 4. e3 Nf6 5. Bd3 Be7 6. O-O O-O 7. b3 b6 8. Bb2
Nbd7 9. Ne5 Nxe5 10. dxe5 Nd7 11. cxd5 cxd5 12. Nd2 f5 13. Nf3 Nc5 14. Be2 f4
15. exf4 Rxf4 16. Nd4 a5 17. Bg4 Qe8 18. g3 Rf8 19. Bh5 g6 20. Bg4 Qf7 21. f4
Bd7 22. a3 Na6 23. h4 Rac8 24. h5 Nc5 25. Bh3 Ne4 26. Qg4 Bc5 27. b4 axb4 28.
axb4 Bxd4+ 29. Bxd4 b5 30. Ra7 Rfe8 31. hxg6 hxg6 32. f5 exf5 33. e6 Rxe6 34.
Qh4 Kf8 35. Qh8+ 1-0

[Event "12. Obert Int. Sant Marti 2010"]
[Site "Barcelona ESP"]
[Date "2010.07.21"]
[Round "9.5"]
[White "Gonzalez Perez, Arian"]
[Black "Martinez Duany, Lelys Stanley"]
[Result "0-1"]
[WhiteElo "2403"]
[BlackElo "2510"]
[PlyCount "95"]
[EventDate "2010.07.13"]
[EventType "swiss"]
[EventRounds "9"]
[EventCountry "ESP"]
[SourceTitle "Ajedrez en Madrid"]
[Source "lmi"]
[SourceDate "2010.07.13"]
[SourceVersion "1"]
[SourceVersionDate "2019.06.18"]
[SourceQuality "1"]

1. d4 Nf6 2. Nf3 g6 3. Nc3 d5 4. Bf4 Bg7 5. e3 O-O 6. Be2 b6 7. Ne5 Bb7 8. h4
Nfd7 9. h5 Nxe5 10. dxe5 Nd7 11. hxg6 hxg6 12. e6 Nc5 13. exf7+ Rxf7 14. Bh6
Bh8 15. Bf3 e6 16. Qd2 Qf6 17. O-O-O Re8 18. Rh3 Rh7 19. Rdh1 Ree7 20. e4 Rd7
21. exd5 exd5 22. Bg5 Rxh3 23. Rxh3 Qf5 24. g4 Qe6 25. Ne2 Ne4 26. Bxe4 dxe4
27. Rxh8+ Kxh8 28. Bf6+ Kg8 29. Qg5 Kf7 30. Bc3 Qd6 31. b3 Re7 32. Nf4 e3 33.
fxe3 Be4 34. Kb2 Ke8 35. Bf6 Rh7 36. Be5 Qd2 37. Ne6 Re7 38. Qf6 Qxc2+ 39. Ka3
a5 40. Qh8+ Kd7 41. Nf8+ Kc8 42. Nxg6+ Kb7 43. Nxe7 Qc1+ 44. Ka4 Bc6+ 45. Nxc6
Qxc6+ 46. Ka3 Qc1+ 47. Ka4 Qc5 48. Bc3 0-1

[Event "12. Obert Int. Sant Marti 2010"]
[Site "Barcelona ESP"]
[Date "2010.07.21"]
[Round "9.6"]
[White "Lorenzo De La Riva, Lazaro"]
[Black "Matnadze, Ana"]
[Result "0-1"]
[WhiteElo "2407"]
[BlackElo "2422"]
[PlyCount "128"]
[EventDate "2010.07.13"]
[EventType "swiss"]
[EventRounds "9"]
[EventCountry "ESP"]
[SourceTitle "Ajedrez en Madrid"]
[Source "lmi"]
[SourceDate "2010.07.13"]
[SourceVersion "1"]
[SourceVersionDate "2019.06.18"]
[SourceQuality "1"]

1. e4 c5 2. Nf3 d6 3. d4 cxd4 4. Nxd4 Nf6 5. Nc3 Nc6 6. Bc4 Bd7 7. Bb3 g6 8.
Be3 Ng4 9. Nxc6 bxc6 10. Qf3 Ne5 11. Qe2 Bg7 12. f4 Ng4 13. Bd2 h5 14. O-O-O
Nh6 15. f5 gxf5 16. Bg5 Qa5 17. exf5 Nxf5 18. Rxd6 O-O-O 19. Rd3 Nd4 20. Qe3
Bf5 21. Rxd4 Bxd4 22. Qf3 Qc5 23. Bxe7 Qxe7 24. Qxf5+ Kb7 25. Rf1 f6 26. Kb1 h4
27. Qf3 Kc7 28. Ne2 Rhe8 29. Nc1 Qd6 30. Qh3 Re4 31. Nd3 Bb6 32. a3 Rde8 33.
Bf7 R8e7 34. Bg6 Rc4 35. Bh5 Rd4 36. Qf5 Rd5 37. Qg6 Rg5 38. Qh6 Bd4 39. Bf3
Rb5 40. Ka2 Re3 41. Qh7+ Kb6 42. Rb1 Qe6+ 43. b3 h3 44. Qh8 Kb7 45. Qg7+ Qe7
46. Qg4 hxg2 47. Qxg2 Qd6 48. Rd1 Rg5 49. Qh3 Qe6 50. Qh4 Bb6 51. Bh1 a5 52.
Qh7+ Qe7 53. Qh4 Re2 54. Qc4 Qe6 55. Qc3 a4 56. Kb1 axb3 57. cxb3 Ba5 58. Nb4
Rc5 59. Qd3 Bxb4 60. axb4 Re3 61. Qd7+ Qxd7 62. Rxd7+ Kc8 63. Rd6 Rxb3+ 64. Ka2
Rxb4 0-1

[Event "12. Obert Int. Sant Marti 2010"]
[Site "Barcelona ESP"]
[Date "2010.07.21"]
[Round "9.8"]
[White "Mihailovs, Jurijs"]
[Black "Aderito, Pedro"]
[Result "1-0"]
[WhiteElo "2405"]
[BlackElo "2333"]
[PlyCount "39"]
[EventDate "2010.07.13"]
[EventType "swiss"]
[EventRounds "9"]
[EventCountry "ESP"]
[SourceTitle "Ajedrez en Madrid"]
[Source "lmi"]
[SourceDate "2010.07.13"]
[SourceVersion "1"]
[SourceVersionDate "2019.06.18"]
[SourceQuality "1"]

1. d4 d5 2. c4 c6 3. Nc3 Nf6 4. e3 e6 5. Qc2 Nbd7 6. Bd2 b6 7. cxd5 exd5 8. Bd3
Bb7 9. Nge2 a6 10. e4 dxe4 11. Nxe4 Be7 12. N2g3 O-O 13. Ng5 h6 14. h4 c5 15.
d5 c4 16. Bh7+ Kh8 17. Bc3 Bd6 18. Bf5 Be5 19. O-O-O Bxd5 20. Bxe5 1-0

[Event "12. Obert Int. Sant Marti 2010"]
[Site "Barcelona ESP"]
[Date "2010.07.21"]
[Round "9.9"]
[White "Beltran Rueda, Santiago"]
[Black "Lasinskas, Povilas"]
[Result "1-0"]
[WhiteElo "2369"]
[BlackElo "2180"]
[PlyCount "42"]
[EventDate "2010.07.13"]
[EventType "swiss"]
[EventRounds "9"]
[EventCountry "ESP"]
[SourceTitle "Ajedrez en Madrid"]
[Source "lmi"]
[SourceDate "2010.07.13"]
[SourceVersion "1"]
[SourceVersionDate "2019.06.18"]
[SourceQuality "1"]

1. Nf3 d6 2. d4 c6 3. c4 Qc7 4. Nc3 e5 5. g3 g6 6. Bg2 Bg7 7. dxe5 dxe5 8. Ne4
Ne7 9. Qd6 Qxd6 10. Nxd6+ Kf8 11. Ng5 f6 12. Nxc8 fxg5 13. Nxe7 Kxe7 14. Bxg5+
Kf7 15. O-O-O h6 16. Be3 Re8 17. Be4 Bf8 18. h4 h5 19. g4 hxg4 20. Rhg1 Na6 21.
Rxg4 Re6 1-0

[Event "12. Obert Int. Sant Marti 2010"]
[Site "Barcelona ESP"]
[Date "2010.07.21"]
[Round "9.10"]
[White "Collado Pallas, David"]
[Black "Perpinya Rofes, Lluis Maria"]
[Result "0-1"]
[WhiteElo "2124"]
[BlackElo "2344"]
[PlyCount "56"]
[EventDate "2010.07.13"]
[EventType "swiss"]
[EventRounds "9"]
[EventCountry "ESP"]
[SourceTitle "Ajedrez en Madrid"]
[Source "lmi"]
[SourceDate "2010.07.13"]
[SourceVersion "1"]
[SourceVersionDate "2019.06.18"]
[SourceQuality "1"]

1. d4 Nf6 2. Nf3 g6 3. c4 Bg7 4. Nc3 O-O 5. e4 d6 6. Be2 Na6 7. h3 e5 8. O-O
exd4 9. Nxd4 Nc5 10. f3 Nh5 11. f4 Ng3 12. Bf3 Nxf1 13. Kxf1 Be6 14. b3 a5 15.
f5 Bd7 16. Bb2 c6 17. Qd2 a4 18. Rd1 axb3 19. axb3 Qb6 20. f6 Bxf6 21. Qh6 Be5
22. Nf5 Bxf5 23. exf5 Qxb3 24. Nd5 cxd5 25. Bxe5 dxe5 26. f6 Ne6 27. cxd5 Qc4+
28. Kg1 Qf4 0-1